| 000 | 00486 a2200157 4500 | ||
|---|---|---|---|
| 005 | 20260417132019.0 | ||
| 008 | 251110b |||||||| |||| 00| 0 eng d | ||
| 020 | _a9789390165865 | ||
| 080 |
_aFM _bVIS/KA |
||
| 100 | _aVishnu, M. C. | ||
| 245 | _aKanthamalacharitham-yudhakandam (കാന്തമലചരിതം-യുദ്ധകാണ്ഡം) | ||
| 260 |
_bLogos books _aPalakad _c2024 |
||
| 300 | _a374p. | ||
| 653 | _aFiction - Novel - Malayalam Literature | ||
| 942 | _cBK | ||
| 999 |
_c114497 _d114496 |
||